|
|
|
|
| LEADER |
00000nab a2200000 a 4500 |
| 001 |
vtls000932531 |
| 003 |
SK-MaSNL |
| 005 |
20260305025753.0 |
| 008 |
040720e20031029xo 0 slo |
| 035 |
|
|
|a KE41408
|
| 040 |
|
|
|a KEVKJB
|b slo
|c KEVKJB
|e AACR2
|
| 041 |
0 |
|
|a slo
|
| 044 |
|
|
|a xo
|c SK
|
| 080 |
|
|
|a 796.332
|2 1981
|
| 080 |
|
|
|a 929
|2 1981
|
| 100 |
1 |
|
|a Mezencev, Vladimír,
|d 1944-
|4 aut
|9 234134
|
| 245 |
1 |
0 |
|a Jaroslav Olejár
|b Predstavujeme hviezdy košického futbalového neba
|
| 300 |
|
|
|b 1 foto
|
| 590 |
|
|
|a Olejár, Jaroslav
|b futbalově brankár
|
| 600 |
1 |
7 |
|a Olejár, Jaroslav,
|d 1959-
|2 KEVKJB
|9 884377
|
| 650 |
0 |
7 |
|a futbal
|2 KEVKJB
|9 3291
|
| 650 |
0 |
7 |
|a osobnosti
|2 KEVKJB
|9 29820
|
| 650 |
0 |
7 |
|a pôsobenie
|2 KEVKJB
|9 877655
|
| 651 |
|
7 |
|a Sečovce (Slovensko)
|2 KEVKJB
|9 28464
|
| 651 |
|
7 |
|a Trebišov (Slovensko : okres)
|2 KEVKJB
|9 56230
|
| 651 |
|
7 |
|a Košice (Slovensko)
|2 KEVKJB
|9 18694
|
| 651 |
|
7 |
|a KE,
|2 KEVKJB
|9 877256
|
| 655 |
|
7 |
|a periodikum
|2 snkbucl
|9 29553
|
| 773 |
0 |
8 |
|t Košický večer
|g Roč. 14
|g Roč. 35, č.207, 29.10.2003, s. 14
|
| 852 |
|
|
|a ZVYKNI
|b KIS3GCP
|
| 999 |
|
|
|c 3307423
|d 3309353
|